The relaxation & stress reduction workbook / (Record no. 1160)

MARC details
000 -LEADER
fixed length control field 01515cam a2200361 a 4500
005 - DATE AND TIME OF LATEST TRANSACTION
control field 20260322212049.0
008 - FIXED-LENGTH DATA ELEMENTS--GENERAL INFORMATION
fixed length control field data
010 ## - LIBRARY OF CONGRESS CONTROL NUMBER
LC control number 2008003637
020 ## - INTERNATIONAL STANDARD BOOK NUMBER
International Standard Book Number 9781572245495 (pbk. : alk. paper)
020 ## - INTERNATIONAL STANDARD BOOK NUMBER
International Standard Book Number 1572245492 (pbk. : alk. paper)
040 ## - CATALOGING SOURCE
Original cataloging agency DLC
Transcribing agency DLC
Modifying agency DLC
-- BAKER
-- YDXCP
-- BTCTA
-- VET
-- VP@
-- QBX
-- DLC
050 00 - LIBRARY OF CONGRESS CALL NUMBER
Classification number RA785
Item number .D374 2008
082 00 - DEWEY DECIMAL CLASSIFICATION NUMBER
Classification number 616.9/8
Edition information 22
096 ## - LOCALLY ASSIGNED NLM-TYPE CALL NUMBER (OCLC)
Classification number QT 265 D374 2008
001 - CONTROL NUMBER
control field data
100 1# - MAIN ENTRY--PERSONAL NAME
Personal name Davis, Martha,
Dates associated with a name 1947-
245 14 - TITLE STATEMENT
Title The relaxation & stress reduction workbook /
Statement of responsibility, etc. Martha Davis, Elizabeth Robbins Eshelman & Matthew McKay.
246 3# - VARYING FORM OF TITLE
Title proper/short title Relaxation and stress reduction workbook
250 ## - EDITION STATEMENT
Edition statement 6th ed.
260 ## - PUBLICATION, DISTRIBUTION, ETC.
Place of publication, distribution, etc. Oakland, CA :
Name of publisher, distributor, etc. New Harbinger Publications,
Date of publication, distribution, etc. c2008.
300 ## - PHYSICAL DESCRIPTION
Extent xv, 371 p. :
Other physical details ill. ;
Dimensions 26 cm.
440 #2 - SERIES STATEMENT/ADDED ENTRY--TITLE
Title A New Harbinger self-help workbook
504 ## - BIBLIOGRAPHY, ETC. NOTE
Bibliography, etc. note Includes bibliographical references and index.
650 #0 - SUBJECT ADDED ENTRY--TOPICAL TERM
Topical term or geographic name entry element Stress management.
650 #0 - SUBJECT ADDED ENTRY--TOPICAL TERM
Topical term or geographic name entry element Relaxation.
650 #2 - SUBJECT ADDED ENTRY--TOPICAL TERM
Topical term or geographic name entry element Relaxation Techniques
Form subdivision Popular Works.
650 #2 - SUBJECT ADDED ENTRY--TOPICAL TERM
Topical term or geographic name entry element Stress, Psychological
General subdivision prevention & control
Form subdivision Popular Works.
700 1# - ADDED ENTRY--PERSONAL NAME
Personal name Eshelman, Elizabeth Robbins.
700 1# - ADDED ENTRY--PERSONAL NAME
Personal name McKay, Matthew.
906 ## - LOCAL DATA ELEMENT F, LDF (RLIN)
a 7
b cbc
c orignew
d 1
e ecip
f 20
g y-gencatlg
925 0# -
-- acquire
-- 2 shelf copies
-- policy default
955 ## - COPY-LEVEL INFORMATION (RLIN)
-- jb17 2008-01-29 to Dewey
-- ld11 2008-07-21 Z-CipVer
-- ld11 2008-07-21 to BCCD
Holdings
Withdrawn status Lost status Damaged status Not for loan Home library Current library Shelving location Date acquired Total checkouts Full call number Barcode Date last seen Price effective from Koha item type
        Midway Midway General stacks 22/03/2026   616.9/8 22 BC0011198 22/03/2026 22/03/2026 Books